00270nam a22001217a 4500003000400000020001800004082001700022100001700039245002400056260003900080300001000119650001900129OSt a9780141024530 a330.122bKLS aKLEIN, Naomi aThe Shock Doctrine  aUSA:bPenguin Random house,c2007. a558p. aGeneral Books